00213nam a2200073 4500082001200000245006200012260005500074300001000129 a540 HIG aHigher National Certificate of education:chemistry part 1 aColombobEducational Publications Departmentc1976 a138 p